American Teenager - Ethel Cain (Lyrics) - Statistics

General Stats
  • This quiz has been taken 46 times
  • The average score is 312 of 357
Answer Stats
Answer % Correct
a
97%
i
97%
on
97%
the
97%
and
94%
but
94%
do
94%
fault
94%
front
94%
go
94%
he
94%
his
94%
in
94%
it
94%
maybe
94%
me
94%
so
94%
want
94%
was
94%
what
94%
when
94%
with
94%
you
94%
you?
94%
your
94%
anyone
90%
anything
90%
bleachers
90%
crying
90%
don't
90%
dont
90%
feel
90%
for
90%
from
90%
good
90%
grew
90%
here
90%
i'm
90%
im
90%
it's
90%
just
90%
kids
90%
like
90%
mean
90%
my
90%
need
90%
not
90%
out
90%
say
90%
to
90%
up
90%
wanted
90%
year
90%
all
87%
american
87%
another
87%
dream
87%
fists
87%
high
87%
if
87%
light
87%
long
87%
middle
87%
night
87%
of
87%
red
87%
room
87%
school
87%
there
87%
you're
87%
box
84%
brother
84%
came
84%
day
84%
faith
84%
football
84%
home
84%
lights
84%
once
84%
one
84%
said
84%
street
84%
team
84%
yellow
84%
at
81%
believe
81%
cold
81%
done
81%
fun
81%
give
81%
heart
81%
make
81%
more
81%
morning
81%
much
81%
neighbor's
81%
probably
81%
putting
81%
taken
81%
then
81%
too
81%
wasted
81%
alone
77%
by
77%
hands
77%
sunday
77%
war
77%
didn't
74%
full
74%
jesus
74%
sorry
74%
under
74%
yeah
74%
daddy
71%
this
71%
faces
68%
knees
68%
let
68%
off
68%
whiskey
68%
why
68%
always
65%
liquor
65%
standing
65%
still
65%
deliver
61%
handle
61%
well
61%
doing
58%
listening
58%
over
58%
seemed
58%
dale
55%
ah
48%
damn
42%
again
35%
life
32%
ah-ah-ah
3%
No matching quizzes found
Score Distribution
Percent of People with Each Score
Percentile by Number Answered
Your Score History
You have not taken this quiz